|
|
|
|
| LEADER |
01150nam a2200289 a 4500 |
| 001 |
5184 |
| 003 |
BD-DhAAL |
| 008 |
090406s1988 mnua b 001 0 eng d |
| 999 |
|
|
|c 103
|d 103
|
| 010 |
|
|
|a \\\87025439
|
| 020 |
|
|
|a 0314625267
|
| 040 |
|
|
|a DLC
|c DLC
|d DLC
|d BD-DhAAL
|
| 082 |
0 |
0 |
|a 150.724
|2 19
|
| 100 |
1 |
|
|a Kantowitz, Barry H.
|9 1377
|
| 245 |
1 |
0 |
|a Experimental psychology :
|b understanding psychological research /
|c Barry H. Kantowitz, Henry L. Roediger, David G. Elmes.
|
| 250 |
|
|
|a Third Edition
|
| 260 |
|
|
|a St. Paul :
|b West Pub. Co.,
|c c1988.
|
| 300 |
|
|
|a xxi, 478, [117] pages :
|b illustrations ;
|c 27 cm.
|
| 504 |
|
|
|a Includes bibliographical references and index.
|
| 541 |
1 |
|
|e 00005184
|
| 650 |
|
0 |
|a Psychology, Experimental
|v Textbooks.
|9 1378
|
| 650 |
|
0 |
|a Psychology
|x Research
|v Textbooks.
|9 1379
|
| 700 |
1 |
|
|a Roediger, Henry L.
|9 1380
|
| 700 |
1 |
|
|a Elmes, David G.
|9 1381
|
| 852 |
4 |
|
|a Ayesha Abed Library
|j General Stacks
|
| 942 |
|
|
|2 ddc
|c BK
|
| 952 |
|
|
|0 0
|1 0
|2 ddc
|4 0
|6 150_724000000000000_KAN
|7 0
|9 13993
|a BRACUL
|b BRACUL
|c GEN
|d 2011-01-18
|g 0.00
|l 5
|m 42
|o 150.724 KAN
|p 3010005184
|r 2025-11-05
|s 2025-05-22
|t 1
|w 2011-01-18
|y BK
|z Not price in Register
|